000
00329pab a2200133 454500
008
180718b2005 xxu||||| |||| 00| 0 eng d
100
_a
Derian, James Der
245
_a
Imaging terror: logos, pathos and ethos
260
_c
2005
300
_a
p.23-37.
650
_a
Terrorism
773
_a
Third World Quarterly
909
_a
65300
999
_c
65300
_d
65300